[Event "Las Palmas Insular-chT Segunda 1718"]
[Site "Las Palmas"]
[Date "2018.03.10"]
[Round "9.1"]
[White "Trana, Arne Oddvar"]
[Black "Rodriguez Perez, David Antonio"]
[Result "0-1"]
[WhiteElo "1783"]
[BlackElo "1985"]
[PlyCount "94"]
[EventDate "2017.10.28"]
[EventType "team-swiss"]
[EventRounds "9"]
[EventCountry "ESP"]
[SourceTitle "EXT 2021"]
[Source "ChessBase"]
[SourceDate "2020.10.23"]
[SourceVersion "1"]
[SourceVersionDate "2020.10.23"]
[SourceQuality "1"]
[WhiteTeam "Mogan"]
[BlackTeam "Guia Univac II"]
[WhiteTeamCountry "ESP"]
[BlackTeamCountry "ESP"]

1. d4 d5 2. Nf3 g6 3. g3 Bg7 4. Bg2 Nf6 5. c4 c6 6. 0-0 0-0 7. h3 Ne4 8. Nc3 f5 9. Qb3 e6 10. Bf4 Nd7 11. Rfd1 h6 12. Be5 Qe7 13. Bxg7 Qxg7 14. e3 Kh7 15. Ne2 Nd6 16. c5 Ne4 17. Nf4 Qf6 18. Nd3 g5 19. Nfe5 Nxe5 20. Nxe5 Nxc5 21. Qb4 Na6 22. Qc3 Nb8 23. Qb3 Qe7 24. Rac1 Nd7 25. Nxd7 Qxd7 26. f3 Qd6 27. Kh2 b6 28. e4 Bd7 29. e5 Qe7 30. Bf1 Be8 31. Bd3 Rc8 32. g4 Bg6 33. Qc2 c5 34. gxf5 Bxf5 35. Bxf5+ Rxf5 36. Qd3 Kg7 37. Kg3 Qf7 38. b3 Qh5 39. dxc5 bxc5 40. Qe3 Qh4+ 41. Kg2 Qf4 42. Qxf4 gxf4 43. Re1 Kf7 44. Kf2 Rh5 45. Ke2 Rxh3 46. Rg1 Rh5 47. Rg4 Rxe5+ 0-1

[Event "Las Palmas Insular-chT Segunda-B 1617"]
[Site "Las Palmas"]
[Date "2017.01.14"]
[Round "8.2"]
[White "Trana, Arne Oddvar"]
[Black "Martin Rodriguez, Francisco"]
[Result "1-0"]
[WhiteElo "1763"]
[BlackElo "1310"]
[PlyCount "40"]
[EventDate "2016.10.22"]
[EventType "team-tourn"]
[EventRounds "14"]
[EventCountry "ESP"]
[SourceTitle "EXT 2018"]
[Source "ChessBase"]
[SourceDate "2017.10.13"]
[SourceVersion "1"]
[SourceVersionDate "2017.10.13"]
[SourceQuality "1"]
[WhiteTeam "Mogan"]
[BlackTeam "Fundacion La Caja de Canarias IV"]
[WhiteTeamCountry "ESP"]
[BlackTeamCountry "ESP"]

1. d4 d5 2. Nf3 e6 3. c4 Nf6 4. g3 c6 5. Bg2 Ne4 6. 0-0 f5 7. Nfd2 Bd6 8. f3 Nf6 9. e4 dxe4 10. fxe4 Bc7 11. Nb3 Na6 12. e5 Ne4 13. Qh5+ g6 14. Qh6 Qe7 15. Bxe4 fxe4 16. Bg5 Qd7 17. Nc3 Bd8 18. Nxe4 Be7 19. Bxe7 Qxe7 20. Nd6+ Kd8 1-0

[Event "Las Palmas Insular-chT Primera-A"]
[Site "Las Palmas"]
[Date "2015.12.05"]
[Round "5.1"]
[White "Medina Suarez, Jose Roman"]
[Black "Trana, Arne Oddvar"]
[Result "1-0"]
[WhiteElo "1592"]
[BlackElo "1827"]
[PlyCount "91"]
[EventDate "2015.10.17"]
[EventType "team-tourn"]
[EventRounds "14"]
[EventCountry "ESP"]
[SourceTitle "CBM 170 Extra"]
[Source "ChessBase"]
[SourceDate "2016.02.25"]
[SourceVersion "1"]
[SourceVersionDate "2016.02.25"]
[SourceQuality "1"]
[WhiteTeam "El Puerto de Santa Lucia II"]
[BlackTeam "Mogan V "]
[WhiteTeamCountry "ESP"]
[BlackTeamCountry "ESP"]

1. e4 c5 2. Nc3 Nc6 3. Nf3 g6 4. Bc4 Bg7 5. d3 e6 6. Bd2 Nge7 7. 0-0 0-0 8. Rb1 d5 9. exd5 exd5 10. Bb3 h6 11. a3 Be6 12. Qc1 Kh7 13. h3 Qd7 14. Kh2 Nf5 15. Ba4 a6 16. Bxc6 Qxc6 17. Bf4 g5 18. Be5 Bxe5+ 19. Nxe5 Qd6 20. f4 Nd4 21. Nf3 gxf4 22. Kh1 Nf5 23. Rf2 Rg8 24. b4 Rg7 25. Qd2 b5 26. Ne2 Ne3 27. Nh2 d4 28. Nxf4 Rag8 29. Rg1 Rg5 30. Nxe6 Qxe6 31. Nf3 Rg3 32. bxc5 Qd5 33. c6 Rc8 34. Qb4 Rxc6 35. Qxd4 Qxd4 36. Nxd4 Rc7 37. Re1 Nd5 38. Ref1 Rg7 39. Nf5 Rg8 40. Nd6 f6 41. Ne4 a5 42. Rf5 Rxc2 43. Rxd5 Rgxg2 44. Rd7+ Kh8 45. Rd8+ Kh7 46. Nxf6+ 1-0